| 000 | 00620cam a2200217 a 4500 | ||
|---|---|---|---|
| 020 | _a0075577348 | ||
| 040 | _cDLC | ||
| 082 | 0 | 0 | _a808 MCG 1990 A093 Or. |
| 100 | 1 | _aFahnestock, Jeanne, | |
| 245 | 1 | 2 | _aA rhetoric of argument / |
| 250 | _a2nd ed. | ||
| 260 |
_aNew York : _bMcGraw-Hill, _cc1990. |
||
| 300 |
_axiv, 385 p. ; _c24 cm. |
||
| 500 | _aIncludes index. | ||
| 650 | 0 | _aEnglish language | |
| 650 | 0 | _aPersuasion (Rhetoric) | |
| 700 | 1 | _aSecor, Marie, | |
| 856 | 4 | 2 | _uhttp://www.loc.gov/catdir/description/mh022/89008305.html |
| 856 | 4 | 1 | _uhttp://www.loc.gov/catdir/toc/mh021/89008305.html |
| 942 | _cEK | ||
| 999 |
_c12701 _d12701 |
||